Biodiversidad de la reserva natural Bojonawi, Vichada, Colombia : (Registro nro. 60516)

Detalles MARC
000 -CABECERA
Longitud fija campo de control 01648nam a22004095a 4500
003 - • IDENTIFICADOR DELl NÚMERO DE CONTROL
Identificador del número de control CO-BoRNBP
005 - • FECHA Y HORA DE LA ÚLTIMA TRANSACCIÓN
Fecha y hora de la última transacción 20260217210800.0
007 - • CAMPO FIJO DE DESCRIPCIÓN FÍSICA
Campo fijo de descripción física t
008 - • CÓDIGOS DE INFORMACIÓN DE LONGITUD FIJA
Códigos de información de longitud fija 220215s2020 ck ao gr 000 0 spa d
020 ## - • NÚMERO INTERNACIONAL NORMALIZADO PARA LIBROS
Número Internacional Normalizado para Libros (ISBN) 9789585183018
040 ## - FUENTE DE LA CATALOGACIÓN
Centro catalogador de origen CO-BoBLA
Lengua de catalogación spa
Centro modificado CO-BoBLA
Normas de descripción rda
Centro transcriptor CO-BoBLA
041 ## - • CÓDIGO DE LENGUA
Código de lengua del texto/banda sonora o título independiente spa
043 ## - CÓDIGO DE ÁREA GEOGRÁFICA
Código de área geográfica s-ck---
082 04 - • NÚMERO DE LA CLASIFICACIÓN DECIMAL DEWEY
Número de clasificación (R) 333.782
Número del ítem B46
Número de edición 21 ed.
240 10 - • TÍTULO UNIFORME
Título uniforme <a href="Vichada-Bibliografía regional">Vichada-Bibliografía regional</a>
245 00 - • TITULO PROPIAMENTE DICHO
Título Biodiversidad de la reserva natural Bojonawi, Vichada, Colombia :
Resto del título río Orinoco y planicie de inundación /
Mención de responsabilidad, etc. editores Carlos A. Lasso, Fernando Trujillo, Monica A. Morales-Betancourt.
250 ## - • MENCI&Oacute;N DE EDICI&Oacute;N
Mención de edición 1a. edición
264 ## - PRODUCCI&Oacute;N, PUBLICACI&Oacute;N , DISTRIBUCI&Oacute;N, FABRICACI&Oacute;N Y COPYRIGHT
Lugar de producción, publicación, distribución, fabricación Bogotá :
Nombre del productor, editor, distribuidor, fabricante Instituto de Investigación de Recursos Biológicos Alexander Von Humboldt, Fundación Omacha,
Fecha de de producción, publicación, distribución, fabricación o copyright 2020.
300 ## - • DESCRIPCI&Oacute;N F&Iacute;SICA
Extensión 556 páginas :
Otras características físicas ilustraciones, gráficas ;
Dimensiones 24 cm.
336 ## - TIPO DE CONTENIDO
Término de tipo de contenido text
Código de tipo de contenido txt
Fuente rdacontent
337 ## - TIPO DE MEDIO
Nombre del tipo de medio unmediated
Código del tipo de medio n
Fuente rdamedia
338 ## - TIPO DE SOPORTE
Nombre del tipo de soporte volume
Código del tipo de soporte nc
Fuente rdacarrier
490 1# - • MENCI&Oacute;N DE SERIE
Mención de serie Serie Fauna Silvestre Neotropical
504 ## - • NOTA DE BIBLIOGRAF&Iacute;A, ETC
Nota de bibliografía, etc. Incluye bibliografía.
650 #7 - • PUNTO DE ACCESO ADICIONAL DE MATERIA - T&Eacute;RMINO DE MATERIA
Término de materia o nombre geográfico como elemento inicial Conservación de la diversidad biológica
Subdivisión geográfica Vichada (Colombia).
Fuente del encabezamiento o término BLAAUTO
650 #7 - • PUNTO DE ACCESO ADICIONAL DE MATERIA - T&Eacute;RMINO DE MATERIA
Término de materia o nombre geográfico como elemento inicial Fauna colombiana.
Fuente del encabezamiento o término BLAAUTO
650 #7 - • PUNTO DE ACCESO ADICIONAL DE MATERIA - T&Eacute;RMINO DE MATERIA
Término de materia o nombre geográfico como elemento inicial Gestión de ecosistemas
Subdivisión geográfica Vichada (Colombia)
Fuente del encabezamiento o término BLAAUTO
650 #7 - • PUNTO DE ACCESO ADICIONAL DE MATERIA - T&Eacute;RMINO DE MATERIA
Término de materia o nombre geográfico como elemento inicial Parques nacionales y reservas
Subdivisión geográfica Vichada (Colombia)
Fuente del encabezamiento o término BLAAUTO
700 1# - • PUNTO DE ACCESO ADICIONAL - NOMBRE DE PERSONA
Nombre de persona Lasso, Carlos A.,
Término indicativo de función edición.
700 1# - • PUNTO DE ACCESO ADICIONAL - NOMBRE DE PERSONA
Nombre de persona Morales-Betancourt, Mónica A.,
Término indicativo de función edición.
700 1# - • PUNTO DE ACCESO ADICIONAL - NOMBRE DE PERSONA
Nombre de persona Trujillo, Fernando,
Término indicativo de función edición.
830 1# - • PUNTO DE ACCESO ADICIONAL DE SERIE - T&Iacute;TULO UNIFORME
Título uniforme Serie Fauna Silvestre Neotropical
942 ## - ENTRADA DE ELEMENTOS AGREGADOS (KOHA)
Fuente de clasificaión o esquema Dewey Decimal Classification
Koha [por defecto] tipo de item LIbro
949 ## - TRATAMIENTO DE LA INFORMACI&Oacute;N LOCAL (OCLC)
a c
b c
960 ## - LOCALIZACI&Oacute;N F&Iacute;SICA (RLIN)
Localización f&íacute;sica, PLOC (RLIN) Normalizados-2025
Existencias
Perdido Fuente de clasificaci&oacute;n o esquema Estado Físico No para pr&eacute;stamo Forma de adquisición Localizaci&oacute;n permanente Localizaci&oacute;n actual Localización en estanterías Fecha adquisici&oacute;n Pr&eacute;stamos totales Signatura completa C&oacute;digo de barras Fecha &uacute;ltima consulta N&uacute;mero de copia Fecha del precio de reemplazo Tipo de item de Koha
  Dewey Decimal Classification     Colección General Biblioteca Pública Dorado Biblioteca Pública Dorado General 02/25/2026   333.782 B46 DOR03445 02/25/2026 Ej.1 02/25/2026 LIbro
  Dewey Decimal Classification     Colección General Biblioteca Pública Guamal Biblioteca Pública Guamal General 02/17/2026   333.782 B46 GUA005051 02/17/2026 Ej.1 02/17/2026 LIbro









Instituto Departamental de Cultura del Meta - Red Departamental de Bibliotecas Públicas del Meta.